Normal view
MARC view
- ENDEAN, MARK, EDWARDS, LYNDON
Entry Personal Name
001 - CONTROL NUMBER
- control field: 67211
003 - CONTROL NUMBER IDENTIFIER
- control field: NUST
005 - DATE AND TIME OF LATEST TRANSACTION
- control field: 20210628203752.0
008 - FIXED-LENGTH DATA ELEMENTS
- fixed length control field: 210628|| aca||aabn | a|a d
040 ## - CATALOGING SOURCE
- Original cataloging agency: NUST
- Transcribing agency: NUST
100 ## - HEADING--PERSONAL NAME
- Personal name: ENDEAN, MARK, EDWARDS, LYNDON
670 ## - SOURCE DATA FOUND
- Source citation: Work cat.: (NUST): ENDEAN, MARK, EDWARDS, LYNDON, MANUFACTURING WITH MATERIALS, 1990
